000 01449nam0a22003131 4500
001 RU\INFOCOMM_322\NLR\5000260882
005 20250614080456.0
010 _9600 экз.
_a5-02-007279-6
035 _a(NLR Aleph) 010602667
090 _a10542530
_c10542530
100 _a20130323d1990 |||y0rusy50 ca
101 1 _aeng
102 _aRU
105 _ay z||||
200 1 _aProblems of soil science
_eSov. pedologists to the XIVth Intern. congr. of soil science
_fEd.-in-chief: Corr. Mem. USSR Acad. Sci. V. A. Kovda, Dr Sci. in geography M. A. Glazovskaya
_g[Comp. by M. I. Gerasimova, N. P. Chizhikova
_gTransl. by M. K. Victorova]
_gUSSR Acad. of sciences, All-Union soc. of soil scientists, Inst. of soil science and photosynthesis
210 _aM.
_cNauka
_d1990
215 _a288 с., [1] л. карт.
_cил., карт.
_d21 см
300 _aВ вып. дан.: Проблемы почвоведения: Сов. почвоведы к XIV Междунар. конгрессу почвоведов
320 _aБиблиогр. в конце статей
620 _aМосква
686 _aП03
_2rubbk
702 1 _aGerasimova
_bM. I.
_gMarija Innokent'evna
_4220
702 1 _aKovda
_bV. A.
_f1904-
_gViktor Abramovič
_4340
712 1 2 _aInternational congress of soil science
_d14
_eTokyo
_f1990
_4570
801 1 _aRU
_bInfocomm
_c20130323
801 0 _aRU
_bINFOCOMM
_gPSBO
852 _aNLR
_jС15 Д-3/24
942 _cBOOK
980 _aNB